000 00493nam a2200169 i 4500
001 57160
003 ES-MaACL
005 20230906163526.0
007 t|
008 031015s1927 sp ||||1| spa d
245 0 0 _aDisposiciones referentes al Servicio Nacional de Fitopatología.
260 _a[S.l. :
_bs.n.,
_c1927]
300 _a22 p. ;
_c23 cm.
500 _aPrecede al tít.: Ministerio de Fomento.
710 1 _aEspaña.
_bMinisterio de Fomento.
_93868
852 _aES-MaACL
_j1723-F-4
999 _c57160
_d57160